000 00393nam a2200157Ia 4500
008 230711s9999||||xx |||||||||||||| ||und||
041 _aENG
082 _a621
_bDU-E
100 _aDubey,Gopal K
245 0 _aFundamentals of electrical drives
250 _a2nd . Ed.
260 _c2006
_aNew Delhi
_bNarosa Publishing House
300 _a392
650 _aElectrical Engineering
942 _cBK
999 _c4506
_d4506